10个随机的山西省县级行政区-地图点选 Random Counties in Shanxi- Map Click - Statistics

General Stats
  • This quiz has been taken 126 times
  • The average score is 7 of 10
Answers on the Map
Answers color-coded by a green-red scale on the quiz's map according to % correct below.
 
Answer Stats
Answer % Correct
小店区
100%
杏花岭区
100%
尖草坪区
100%
万柏林区
100%
晋源区
100%
清徐县
100%
阳曲县
100%
娄烦县
100%
古交市
100%
平城区
100%
云冈区
100%
阳高县
100%
广灵县
100%
灵丘县
100%
城区
100%
盂县
100%
襄垣县
100%
平顺县
100%
黎城县
100%
壶关县
100%
阳城县
100%
泽州县
100%
朔城区
100%
山阴县
100%
和顺县
100%
寿阳县
100%
平遥县
100%
介休市
100%
盐湖区
100%
闻喜县
100%
新绛县
100%
忻府区
100%
五台县
100%
代县
100%
繁峙县
100%
静乐县
100%
偏关县
100%
尧都区
100%
翼城县
100%
古县
100%
浮山县
100%
吉县
100%
大宁县
100%
汾西县
100%
侯马市
100%
霍州市
100%
离石区
100%
交城县
100%
兴县
100%
临县
100%
柳林县
100%
岚县
100%
方山县
100%
中阳县
100%
交口县
100%
曲沃县
80%
右玉县
75%
太谷区
75%
河津市
75%
矿区
67%
高平市
67%
昔阳县
67%
定襄县
67%
神池县
60%
五寨县
60%
新荣区
50%
平定县
50%
上党区
50%
城区
50%
平鲁区
50%
应县
50%
榆次区
50%
祁县
50%
绛县
50%
垣曲县
50%
永济市
50%
河曲县
50%
保德县
50%
原平市
50%
永和县
50%
汾阳市
33%
迎泽区
0%
云州区
0%
天镇县
0%
浑源县
0%
左云县
0%
郊区
0%
潞州区
0%
屯留区
0%
潞城区
0%
长子县
0%
武乡县
0%
沁县
0%
沁源县
0%
沁水县
0%
陵川县
0%
怀仁市
0%
榆社县
0%
左权县
0%
灵石县
0%
临猗县
0%
万荣县
0%
稷山县
0%
夏县
0%
平陆县
0%
芮城县
0%
宁武县
0%
岢岚县
0%
襄汾县
0%
洪洞县
0%
安泽县
0%
乡宁县
0%
隰县
0%
蒲县
0%
文水县
0%
石楼县
0%
孝义市
0%
No matching quizzes found
Score Distribution
Percent of People with Each Score
Percentile by Number Answered
Your Score History
You have not taken this quiz